Legislación comparada sobre patentes de invensión /
Guardat en:
| Autor principal: | |
|---|---|
| Autor corporatiu: | , |
| Format: | Text |
| Publicat: |
San José:
Gobierno de Costa Rica. Fondo Provisorio de las Nacionaes Unidas sobre Ciencia y Tecnología para el Desarrollo
|
| Etiquetes: |
Afegir etiqueta
Sense etiquetes, Sigues el primer a etiquetar aquest registre!
|
MARC
| LEADER | 00000 a a2200000 04500 | ||
|---|---|---|---|
| 001 | 21292 | ||
| 003 | |||
| 040 | |||
| 090 | |a 093100 | ||
| 100 | |a White, Eduardo | ||
| 110 | |a Gobierno de Costa Rica | ||
| 245 | |a Legislación comparada sobre patentes de invensión / |c Gobierno de Costa Rica | ||
| 260 | |a San José: |b Gobierno de Costa Rica. Fondo Provisorio de las Nacionaes Unidas sobre Ciencia y Tecnología para el Desarrollo | ||
| 300 | |a 99 p | ||
| 710 | |a Fondo Provisorio de las Naciones Unidas sobre Ciencia y Tecnología para el Desarrollo | ||
| 999 | |c 8356 |d 8356 | ||
